000 01336nam a22003137a 4500
999 _c47213
_d47213
001 20862
003 CO-MdFUSB
005 20180622073209.0
008 160905t1988 xxu||||f |||| 00| 0 eng d
020 _a0-8066-2390-X
040 _aCO-MdFUSB
_bEspañol
_cCO-MdFUSB
_dCO-MdFUSB
_erda
041 _aeng
082 _224
_a226.4
_bL954l
100 1 _aTyson, Joseph B.
_deditor
245 1 0 _aLuke-Acts and the Jewish people
_b: Eight critical perspectives
_c / editado por Joseph B. Tyson
260 _a
264 4 _aMinneapolis, Minnesota :
_bAugsburg Publishing House,
_c©1988
300 _a160 páginas
336 _2rdacontent
_atexto
_btxt
337 _2rdamedia
_asin mediación
_bn
338 _2rdacarrier
_avolumen
_bnc
500 _aIncluye notas
501 _aPasta rústica
505 0 0 _aLa iglesia de los Judios y los que temen a Dios / Gloria al pueblo de Israel: Lucas-Hechos y los judíos / El cumplimiento irónica de la gloria de Israel en Lucas-Hechos / La relación de Lucas con el judaísmo / Rechazo por los Judios y empezando con los gentiles: el patrón de la misión de Pablo en Hechos / La misión a los Judios en Hechos / El problema del rechazo judío en Hechos
653 _aJews in the New Testament
653 _aJudios en el Nuevo Testamento
942 _cBK